[Event "Catalunya-chT Final A+B"]
[Site "Barcelona"]
[Date "2020.03.07"]
[Round "8.4"]
[White "Djuric, Stefan"]
[Black "Lillo Castany, Victor"]
[Result "1/2-1/2"]
[WhiteElo "2349"]
[BlackElo "2326"]
[PlyCount "31"]
[EventDate "2020.03.07"]
[EventType "team-tourn"]
[EventRounds "11"]
[EventCountry "ESP"]
[SourceTitle "EXT 2023"]
[Source "ChessBase"]
[SourceDate "2022.10.05"]
[SourceVersion "1"]
[SourceVersionDate "2022.10.05"]
[SourceQuality "1"]
[WhiteTeam "Salauris"]
[BlackTeam "Sant Cugat"]
[WhiteTeamCountry "ESP"]
[BlackTeamCountry "ESP"]

1. Nf3 d5 2. d4 Nf6 3. c4 e6 4. Nc3 Bb4 5. e3 0-0 6. Bd3 c5 7. 0-0 dxc4 8. Bxc4 Nc6 9. a3 Ba5 10. Ne2 cxd4 11. Nexd4 Nxd4 12. exd4 h6 13. Bf4 Bc7 14. Bxc7 Qxc7 15. Rc1 Qd6 16. Rc3 1/2-1/2

[Event "Catalunya-chT Gp1"]
[Site "Barcelona"]
[Date "2020.01.25"]
[Round "2.3"]
[White "Diaz Camallonga, Carles"]
[Black "Lillo Castany, Victor"]
[Result "1/2-1/2"]
[WhiteElo "2474"]
[BlackElo "2326"]
[PlyCount "62"]
[EventDate "2020.01.18"]
[EventType "team-tourn"]
[EventRounds "7"]
[EventCountry "ESP"]
[SourceTitle "CBM 194 Extra"]
[Source "ChessBase"]
[SourceDate "2020.03.31"]
[SourceVersion "1"]
[SourceVersionDate "2020.03.31"]
[SourceQuality "1"]
[WhiteTeam "Colon Sabadell"]
[BlackTeam "Sant Cugat"]
[WhiteTeamCountry "ESP"]
[BlackTeamCountry "ESP"]

1. e4 e5 2. Nf3 Nc6 3. Bb5 a6 4. Ba4 Nf6 5. 0-0 b5 6. Bb3 Bb7 7. d3 Be7 8. Nc3 0-0 9. Bd2 d6 10. Nd5 Nxd5 11. Bxd5 Qc8 12. Re1 Bf6 13. c3 Nd8 14. d4 Bxd5 15. exd5 exd4 16. cxd4 Qf5 17. Qb3 c5 18. dxc5 dxc5 19. Bc3 c4 20. Qd1 Nb7 21. Bxf6 Qxf6 22. Ne5 Rfe8 23. Qd4 Nc5 24. Qxc5 Rxe5 25. Red1 h6 26. a4 Rb8 27. Qc7 Rd8 28. axb5 axb5 29. Qc5 Qd6 30. Qxb5 Rxd5 31. Rxd5 Qxd5 1/2-1/2

[Event "Pontevedra op 7th"]
[Site "Pontevedra"]
[Date "2019.08.12"]
[Round "7"]
[White "Khamrakulov, Ibragim S"]
[Black "Lillo Castany, Victor"]
[Result "1-0"]
[WhiteElo "2429"]
[BlackElo "2332"]
[PlyCount "87"]
[EventDate "2019.08.08"]
[EventType "swiss"]
[EventRounds "9"]
[EventCountry "ESP"]
[SourceTitle "CBM 191 Extra"]
[Source "ChessBase"]
[SourceDate "2019.09.30"]
[SourceVersion "1"]
[SourceVersionDate "2019.09.30"]
[SourceQuality "1"]

1. e4 e5 2. Nf3 Nc6 3. Bc4 Nf6 4. d3 Bc5 5. 0-0 a6 6. c3 d6 7. Bb3 h6 8. h3 0-0 9. Be3 Bxe3 10. fxe3 d5 11. exd5 Nxd5 12. Qe2 Be6 13. Nbd2 Qd7 14. Ne4 Qe7 15. d4 exd4 16. Nxd4 Rae8 17. Rae1 Nxd4 18. exd4 Qd8 19. Qf3 c6 20. Nc5 Bc8 21. Kh1 Rxe1 22. Rxe1 Nf6 23. Ne4 Nxe4 24. Qxe4 Qd6 25. Qe7 Qg6 26. Rf1 Bf5 27. Rf3 b5 28. Qe5 Bd7 29. Kh2 Qg5 30. Bxf7+ Kh8 31. Bg6 Qxe5+ 32. dxe5 Rxf3 33. gxf3 Be6 34. a3 c5 35. f4 Kg8 36. Bd3 Bd7 37. f5 a5 38. Kg3 Bc6 39. Kf4 Kf7 40. Be4 Be8 41. b4 cxb4 42. cxb4 axb4 43. axb4 Ke7 44. Ke3 1-0

[Event "Sitges Sunway op-A 5th"]
[Site "Sitges"]
[Date "2018.12.18"]
[Round "5"]
[White "Keymer, Vincent"]
[Black "Lillo Castany, Victor"]
[Result "1-0"]
[WhiteElo "2508"]
[BlackElo "2336"]
[PlyCount "55"]
[EventDate "2018.12.14"]
[EventType "swiss"]
[EventRounds "10"]
[EventCountry "ESP"]
[SourceTitle "CBM 187 Extra"]
[Source "ChessBase"]
[SourceDate "2018.11.04"]
[SourceVersion "1"]
[SourceVersionDate "2018.11.04"]
[SourceQuality "1"]

1. Nf3 d5 2. e3 Nf6 3. c4 e6 4. Nc3 c5 5. cxd5 exd5 6. d4 a6 7. Be2 Nc6 8. 0-0 Bd6 9. dxc5 Bxc5 10. b3 0-0 11. Bb2 Ba7 12. Na4 Ne4 13. Nd4 Qh4 14. Nxc6 bxc6 15. Rc1 Nxf2 16. Rxf2 Bxe3 17. Qf1 Bd7 18. Rc3 Qe7 19. Rxe3 Qxe3 20. Ba3 Rfe8 21. Bc5 d4 22. Nb6 Rad8 23. Nc4 Qc3 24. Rf3 Qc2 25. Bd3 Qxa2 26. Nd6 Be6 27. Nxe8 Rxe8 28. Bxd4 1-0

[Event "Sitges Sunway op-A 5th"]
[Site "Sitges"]
[Date "2018.12.15"]
[Round "2"]
[White "Santos Latasa, Jaime"]
[Black "Lillo Castany, Victor"]
[Result "1/2-1/2"]
[WhiteElo "2584"]
[BlackElo "2336"]
[PlyCount "76"]
[EventDate "2018.12.14"]
[EventType "swiss"]
[EventRounds "10"]
[EventCountry "ESP"]
[SourceTitle "CBM 187 Extra"]
[Source "ChessBase"]
[SourceDate "2018.11.04"]
[SourceVersion "1"]
[SourceVersionDate "2018.11.04"]
[SourceQuality "1"]

1. d4 d5 2. Bf4 Nf6 3. e3 c5 4. c3 Nc6 5. Nd2 e6 6. Ngf3 Bd6 7. Bg3 0-0 8. Bb5 Ne7 9. Bd3 c4 10. Bc2 b5 11. e4 dxe4 12. Nxe4 Nxe4 13. Bxe4 Rb8 14. 0-0 Bxg3 15. hxg3 Bb7 16. Bxb7 Rxb7 17. a3 Ng6 18. Re1 Qd5 19. Qc2 a5 20. Ne5 Rc8 21. Nxg6 hxg6 22. Re5 Qc6 23. Rae1 Rd7 24. Qe2 Rd5 25. Rxd5 Qxd5 26. Qg4 Qb7 27. Qg5 Rb8 28. Qc5 Rd8 29. Re5 Rd5 30. Rxd5 Qxd5 31. Qc8+ Kh7 32. Qc7 Qf5 33. Qxa5 Qb1+ 34. Kh2 Qxb2 35. f3 Qd2 36. Qb4 Qh6+ 37. Kg1 Qc1+ 38. Kh2 Qh6+ 1/2-1/2

[Event "Catalunya-chT GpB final"]
[Site "Barcelona"]
[Date "2018.03.10"]
[Round "1.3"]
[White "Garcia Ramos, Daniel"]
[Black "Lillo Castany, Victor"]
[Result "1/2-1/2"]
[WhiteElo "2321"]
[BlackElo "2377"]
[PlyCount "122"]
[EventDate "2018.03.10"]
[EventType "team-tourn"]
[EventRounds "4"]
[EventCountry "ESP"]
[SourceTitle "CBM 183 Extra"]
[Source "ChessBase"]
[SourceDate "2018.04.19"]
[SourceVersion "1"]
[SourceVersionDate "2018.04.19"]
[SourceQuality "1"]
[WhiteTeam "Peona I Peo"]
[BlackTeam "St Cugat"]
[WhiteTeamCountry "ESP"]
[BlackTeamCountry "ESP"]

1. e4 e5 2. Nf3 Nc6 3. Bb5 f5 4. d3 fxe4 5. dxe4 Nf6 6. 0-0 Bc5 7. Bxc6 bxc6 8. Nxe5 0-0 9. Nc3 d6 10. Na4 Qe8 11. Nd3 Bg4 12. Qe1 Bd4 13. c3 Bb6 14. Nxb6 axb6 15. f3 Be6 16. a3 Bc4 17. Qd1 Qf7 18. Re1 Nd7 19. Be3 c5 20. Nc1 Be6 21. Bf2 Ne5 22. a4 c4 23. Bg3 Ng6 24. Ne2 h5 25. Nd4 h4 26. Bf2 h3 27. g3 Bg4 28. Re3 Ne5 29. Nf5 Bxf5 30. exf5 Qxf5 31. Qd5+ Qf7 32. Qxf7+ Rxf7 33. f4 Ng4 34. Re4 d5 35. Re6 Ra5 36. Ra3 Rf6 37. Re7 Kf8 38. Re2 Kf7 39. Bd4 Rf5 40. Ra1 c5 41. Bf2 Rf6 42. Rae1 Rxa4 43. Re7+ Kg6 44. Rd7 Ra2 45. Rxd5 Nxf2 46. Kxf2 Rxb2+ 47. Kf3 Rxh2 48. Re7 Kh7 49. Rdd7 Rg6 50. f5 Rg5 51. f6 Rg2 52. Rxg7+ Rxg7 53. Rxg7+ Kh8 54. Rg4 Rd2 55. f7 Rd8 56. Rxc4 Kg7 57. Rf4 Rh8 58. c4 h2 59. f8Q+ Rxf8 60. Kg2 Rh8 61. Rh4 Rd8 1/2-1/2

[Event "Catalunya-chT Gp2"]
[Site "Barcelona"]
[Date "2018.02.17"]
[Round "5.3"]
[White "Krysa, Leandro Sergio"]
[Black "Lillo Castany, Victor"]
[Result "1-0"]
[WhiteElo "2548"]
[BlackElo "2377"]
[PlyCount "61"]
[EventDate "2018.01.20"]
[EventType "team-tourn"]
[EventRounds "7"]
[EventCountry "ESP"]
[SourceTitle "EXT 2019"]
[Source "ChessBase"]
[SourceDate "2018.10.10"]
[SourceVersion "1"]
[SourceVersionDate "2018.10.10"]
[SourceQuality "1"]
[WhiteTeam "Mollet"]
[BlackTeam "St Cugat"]
[WhiteTeamCountry "ESP"]
[BlackTeamCountry "ESP"]

1. Nf3 Nf6 2. c4 e6 3. Nc3 d5 4. d4 Bb4 5. cxd5 exd5 6. Bg5 h6 7. Bh4 Nbd7 8. Nd2 Be7 9. e3 0-0 10. Bd3 c5 11. 0-0 c4 12. Bc2 b5 13. e4 b4 14. Bxf6 Nxf6 15. Nxd5 Nxd5 16. exd5 Ba6 17. Re1 Rc8 18. Qf3 Bf6 19. Rad1 c3 20. Ne4 Be7 21. bxc3 bxc3 22. Nc5 Bxc5 23. dxc5 Rxc5 24. d6 Bb5 25. Re7 Bc6 26. Qe3 Rg5 27. f3 Qb6 28. Qxb6 axb6 29. d7 Rd8 30. Re8+ Rxe8 31. d8Q 1-0

[Event "Catalunya-chT Gp2"]
[Site "Barcelona"]
[Date "2018.01.27"]
[Round "2.3"]
[White "Amigo Villalta, Jordi"]
[Black "Lillo Castany, Victor"]
[Result "1-0"]
[WhiteElo "2227"]
[BlackElo "2377"]
[PlyCount "75"]
[EventDate "2018.01.20"]
[EventType "team-tourn"]
[EventRounds "7"]
[EventCountry "ESP"]
[SourceTitle "CBM 182 Extra"]
[Source "ChessBase"]
[SourceDate "2018.02.23"]
[SourceVersion "1"]
[SourceVersionDate "2018.02.23"]
[SourceQuality "1"]
[WhiteTeam "Catalunya"]
[BlackTeam "St Cugat"]
[WhiteTeamCountry "ESP"]
[BlackTeamCountry "ESP"]

1. d4 Nf6 2. c4 c5 3. d5 e6 4. Nc3 exd5 5. cxd5 d6 6. e4 g6 7. h3 Bg7 8. Nf3 0-0 9. Bd3 Nh5 10. 0-0 Nd7 11. Bg5 Bf6 12. Be3 Re8 13. Nd2 Bd4 14. Bxd4 cxd4 15. Ne2 Ne5 16. Bb5 d3 17. Bxe8 dxe2 18. Bxf7+ Nxf7 19. Qxe2 Qg5 20. f4 Nxf4 21. Qf3 Bxh3 22. Rf2 Bxg2 23. Qxf4 Bxe4+ 24. Qxg5 Nxg5 25. Nxe4 Nxe4 26. Re2 Nf6 27. Rd1 Re8 28. Rxe8+ Nxe8 29. Rc1 h5 30. Rc8 Kf8 31. Rb8 b6 32. Rb7 Nf6 33. Rxa7 g5 34. Rb7 Nxd5 35. Rd7 Nb4 36. Rxd6 Nxa2 37. Rxb6 Ke7 38. Kf2 1-0

[Event "Sitges Sunway op 4th"]
[Site "Sitges"]
[Date "2017.12.21"]
[Round "7"]
[White "Yankelevich, Lev"]
[Black "Lillo Castany, Victor"]
[Result "1-0"]
[WhiteElo "2435"]
[BlackElo "2396"]
[PlyCount "51"]
[EventDate "2017.12.15"]
[EventType "swiss"]
[EventRounds "9"]
[EventCountry "ESP"]
[SourceTitle "CBM 182 Extra"]
[Source "ChessBase"]
[SourceDate "2018.02.23"]
[SourceVersion "1"]
[SourceVersionDate "2018.02.23"]
[SourceQuality "1"]

1. Nf3 Nf6 2. c4 e6 3. g3 d5 4. d4 Bb4+ 5. Bd2 Bd6 6. Bg2 c6 7. Nc3 0-0 8. 0-0 Nbd7 9. b3 Qe7 10. Qc2 Re8 11. Rfe1 b6 12. e4 Nxe4 13. Nxe4 dxe4 14. Qxe4 Bb7 15. Bg5 Qf8 16. Ne5 Nxe5 17. dxe5 Bb4 18. Red1 h6 19. Be3 Red8 20. Bf1 Rab8 21. Bd3 g6 22. Qh4 h5 23. Bg5 Bc3 24. Bxd8 Rxd8 25. Bxg6 Re8 26. Qxh5 1-0

[Event "Pontevedra op 5th"]
[Site "Pontevedra"]
[Date "2017.08.10"]
[Round "4"]
[White "Lillo Castany, Victor"]
[Black "Sanchez Aller, Fernando"]
[Result "1-0"]
[WhiteElo "2382"]
[BlackElo "2337"]
[PlyCount "137"]
[EventDate "2017.08.08"]
[EventType "swiss"]
[EventRounds "9"]
[EventCountry "ESP"]
[SourceTitle "CBM 179 Extra"]
[Source "ChessBase"]
[SourceDate "2017.08.23"]
[SourceVersion "1"]
[SourceVersionDate "2017.08.23"]
[SourceQuality "1"]

1. e4 e5 2. Nf3 Nc6 3. Bc4 Nf6 4. d3 Bc5 5. 0-0 d6 6. c3 a6 7. Bb3 Ba7 8. Nbd2 0-0 9. h3 h6 10. Re1 Nh5 11. Nf1 Qf6 12. Be3 Nf4 13. d4 g5 14. dxe5 dxe5 15. Bxa7 Rxa7 16. Ne3 Ne7 17. Nd5 Nexd5 18. exd5 Re8 19. Nd2 Bf5 20. Qf3 Raa8 21. Ne4 Qg6 22. Rad1 Rad8 23. Qe3 Bxe4 24. Qxe4 Qxe4 25. Rxe4 Kf8 26. g3 Ng6 27. Rb4 b5 28. a4 Rb8 29. axb5 Rxb5 30. Rxb5 axb5 31. Ra1 e4 32. Ra7 e3 33. fxe3 Rxe3 34. Kf2 Re7 35. Rb7 Ne5 36. Bc2 f5 37. Rxb5 Rf7 38. Rb8+ Ke7 39. b4 f4 40. g4 Rf6 41. Ra8 Rd6 42. Be4 Nd7 43. Rc8 Nf6 44. Rxc7+ Kd8 45. Rc4 Ra6 46. Kf3 Ra2 47. Rc6 Nd7 48. Re6 Ra3 49. Bf5 Rxc3+ 50. Ke2 Ra3 51. Rd6 Ra7 52. b5 Ke7 53. Rxh6 Ra2+ 54. Kd1 f3 55. Rh7+ Kf6 56. Rxd7 Ra1+ 57. Kd2 f2 58. Bd3 Ra2+ 59. Ke3 Ra3 60. Kxf2 Rxd3 61. b6 Rxh3 62. b7 Rb3 63. Ke2 Ke5 64. Kd2 Kd4 65. Kc2 Rb6 66. d6 Kd5 67. Rg7 Kc6 68. d7 Kc7 69. Rg8 1-0

[Event "Benidorm op U2300 15th"]
[Site "Benidorm"]
[Date "2016.12.09"]
[Round "9"]
[White "Lillo Castany, Victor"]
[Black "Nebolsina, Vera"]
[Result "1/2-1/2"]
[WhiteElo "2290"]
[BlackElo "2180"]
[PlyCount "108"]
[EventDate "2016.12.02"]
[EventType "swiss"]
[EventRounds "10"]
[EventCountry "ESP"]
[SourceTitle "EXT 2019"]
[Source "ChessBase"]
[SourceDate "2018.10.10"]
[SourceVersion "1"]
[SourceVersionDate "2018.10.10"]
[SourceQuality "1"]

1. e4 c5 2. Nf3 d6 3. d4 cxd4 4. Nxd4 Nf6 5. Nc3 a6 6. g3 e5 7. Nde2 Be6 8. Bg2 Be7 9. 0-0 0-0 10. h3 Nc6 11. Be3 Nd7 12. Qd2 Rc8 13. b3 Qa5 14. Rfd1 Kh8 15. a3 Nd4 16. Nxd4 Qxc3 17. Nf5 Bxf5 18. exf5 Qc7 19. Qb4 b5 20. a4 Nf6 21. axb5 d5 22. b6 Bxb4 23. bxc7 d4 24. Bd2 Bxd2 25. Rxd2 Rxc7 26. Rxa6 Rfc8 27. Ra2 Nd7 28. Kf1 g6 29. fxg6 hxg6 30. Ke1 Nc5 31. b4 Nd7 32. Kd1 Rb8 33. Bd5 Nf6 34. Ra8 Rcc8 35. Rxb8 Rxb8 36. Bg2 Rxb4 37. Re2 Nd7 38. Bc6 Rb1+ 39. Kd2 Nb6 40. Kd3 f6 41. f4 Rd1+ 42. Ke4 Nc4 43. Kd5 Ne3+ 44. Ke6 exf4 45. gxf4 Kg7 46. Be4 Rf1 47. c3 Rxf4 48. Bd3 Nd1 49. c4 Nf2 50. Rd2 Rf3 51. Be2 Re3+ 52. Kd5 Ne4 53. Kxd4 Nxd2 54. Kxe3 Nxc4+ 1/2-1/2

[Event "Barcelona Sant Marti op-A 18th"]
[Site "Barcelona"]
[Date "2016.07.18"]
[Round "6"]
[White "Sadhwani, Raunak"]
[Black "Lillo Castany, Victor"]
[Result "1/2-1/2"]
[WhiteElo "2122"]
[BlackElo "2312"]
[PlyCount "51"]
[EventDate "2016.07.13"]
[EventType "swiss"]
[EventRounds "9"]
[EventCountry "ESP"]
[SourceTitle "CBM 173 Extra"]
[Source "ChessBase"]
[SourceDate "2016.08.29"]
[SourceVersion "1"]
[SourceVersionDate "2016.08.29"]
[SourceQuality "1"]

1. e4 e5 2. Nf3 Nc6 3. Bb5 Nf6 4. d3 Bc5 5. Bxc6 dxc6 6. 0-0 Qe7 7. h3 0-0 8. Nbd2 Nd7 9. Nc4 Re8 10. Be3 f6 11. Qe2 Nf8 12. c3 Bd6 13. Nxd6 cxd6 14. Nd2 d5 15. Nb3 b6 16. Qc2 Be6 17. Rfd1 c5 18. c4 dxc4 19. dxc4 Qf7 20. Nd2 Rad8 21. b3 Bc8 22. Nf1 Rxd1 23. Rxd1 Ne6 24. f3 Nd4 25. Qf2 Bb7 26. Ng3 1/2-1/2

[Event "Barcelona Sant Marti op-A 18th"]
[Site "Barcelona"]
[Date "2016.07.17"]
[Round "5"]
[White "Lillo Castany, Victor"]
[Black "Asis Gargatagli, Hipolito"]
[Result "0-1"]
[WhiteElo "2312"]
[BlackElo "2504"]
[PlyCount "70"]
[EventDate "2016.07.13"]
[EventType "swiss"]
[EventRounds "9"]
[EventCountry "ESP"]
[SourceTitle "CBM 173 Extra"]
[Source "ChessBase"]
[SourceDate "2016.08.29"]
[SourceVersion "1"]
[SourceVersionDate "2016.08.29"]
[SourceQuality "1"]

1. e4 c5 2. Nf3 d6 3. d4 cxd4 4. Nxd4 Nf6 5. Nc3 a6 6. f4 Nbd7 7. a4 g6 8. Bd3 Bg7 9. Nf3 0-0 10. 0-0 Nc5 11. Kh1 b6 12. Qe1 Bb7 13. b4 Ncxe4 14. Bb2 d5 15. Ne5 Qc7 16. Rd1 Rac8 17. Nxe4 dxe4 18. Bc4 e6 19. Bb3 b5 20. axb5 axb5 21. Qe2 Bd5 22. Qxb5 Bxb3 23. cxb3 Qc2 24. Bd4 Nd5 25. Bc5 Nxf4 26. Rxf4 Qxd1+ 27. Rf1 Qd5 28. Nc4 Qd3 29. Nd6 Ra8 30. Qc4 Ra1 31. Rxa1 Bxa1 32. Nxe4 Qb1+ 33. Bg1 Rd8 34. Nc3 Qe1 35. Qc7 Rd3 0-1

[Event "Barcelona Primavera La Lira op 9th"]
[Site "Barcelona"]
[Date "2016.05.19"]
[Round "7"]
[White "Avila Jimenez, Xavier"]
[Black "Lillo Castany, Victor"]
[Result "1/2-1/2"]
[WhiteElo "2220"]
[BlackElo "2324"]
[PlyCount "109"]
[EventDate "2016.04.07"]
[EventType "swiss"]
[EventRounds "9"]
[EventCountry "ESP"]
[SourceTitle "CBM 172 Extra"]
[Source "ChessBase"]
[SourceDate "2016.06.21"]
[SourceVersion "1"]
[SourceVersionDate "2016.06.21"]
[SourceQuality "1"]

1. d4 Nf6 2. Bg5 c5 3. d5 Ne4 4. Bf4 Qb6 5. Bc1 g6 6. f3 Nd6 7. e4 Bg7 8. Nd2 f5 9. c4 0-0 10. Bd3 Qa5 11. exf5 Nxf5 12. Bxf5 Rxf5 13. Ne2 e6 14. 0-0 exd5 15. Ng3 Rf8 16. Nb3 Qb6 17. Qxd5+ Qe6 18. Qxc5 b6 19. Qf2 Qxc4 20. Be3 Nc6 21. Rac1 Qa4 22. Ra1 Bb7 23. Rfd1 Ne5 24. Bd4 Bxf3 25. gxf3 Nxf3+ 26. Kh1 Nxd4 27. Rxd4 Qxb3 28. Qxf8+ Kxf8 29. axb3 Bxd4 30. Rd1 Bxb2 31. Rxd7 Kg8 32. Rb7 Bd4 33. Ne2 Be3 34. Nc3 Bf4 35. Nd5 Bg5 36. Nc7 Rd8 37. Ne6 Rd1+ 38. Kg2 Bf6 39. Rxa7 Rb1 40. Nf4 Rb2+ 41. Kh1 Rxb3 42. Nd5 Bg5 43. Rb7 b5 44. Kg2 Rb2+ 45. Kg3 h5 46. Kh3 Rb3+ 47. Kg2 h4 48. Nc7 h3+ 49. Kf2 Bh4+ 50. Ke2 Rb2+ 51. Kf3 Rxh2 52. Kg4 Rc2 53. Kxh3 g5 54. Nxb5 Rb2 55. Kg4 1/2-1/2

[Event "Barcelona Primavera La Lira op 9th"]
[Site "Barcelona"]
[Date "2016.04.28"]
[Round "4"]
[White "Parayre Soguero, Jordi"]
[Black "Lillo Castany, Victor"]
[Result "0-1"]
[WhiteElo "1891"]
[BlackElo "2324"]
[PlyCount "112"]
[EventDate "2016.04.07"]
[EventType "swiss"]
[EventRounds "9"]
[EventCountry "ESP"]
[SourceTitle "CBM 172 Extra"]
[Source "ChessBase"]
[SourceDate "2016.06.21"]
[SourceVersion "1"]
[SourceVersionDate "2016.06.21"]
[SourceQuality "1"]

1. d4 Nf6 2. c4 e6 3. Nf3 c5 4. d5 b5 5. Bg5 b4 6. Nbd2 h6 7. Bh4 Be7 8. dxe6 dxe6 9. e3 0-0 10. Be2 Bb7 11. 0-0 Nc6 12. Qc2 Qb6 13. Rfd1 Rfd8 14. Nf1 a5 15. Rxd8+ Rxd8 16. Rd1 Ra8 17. Bg3 a4 18. N3d2 Na5 19. Qxa4 b3 20. axb3 Bc6 21. Qa2 Qb7 22. Bf3 Bxf3 23. Nxf3 Nxc4 24. Qb1 Qxb3 25. N1d2 Nxd2 26. Nxd2 Qb5 27. Ne4 Nd5 28. Nc3 Nxc3 29. bxc3 Qxb1 30. Rxb1 Ra3 31. Rc1 c4 32. Be5 f6 33. Bd4 e5 34. Bb6 Rb3 35. Ba5 Ba3 36. Ra1 Rb5 37. Bc7 Bb2 38. Rb1 Rd5 39. e4 Rd3 40. Ba5 Bxc3 41. Bxc3 Rxc3 42. Kf1 Rc2 43. Rb7 Kh7 44. Ke1 Kg6 45. g3 c3 46. Rc7 f5 47. exf5+ Kxf5 48. Rf7+ Ke4 49. Rxg7 Rd2 50. Rc7 Kd3 51. Rd7+ Kc2 52. Rb7 Rd4 53. h4 Re4+ 54. Kf1 Kd2 55. f3 Rc4 56. Rd7+ Ke3 0-1

[Event "Catalunya-chT Gp1"]
[Site "Barcelona"]
[Date "2016.03.05"]
[Round "7.2"]
[White "Lillo Castany, Victor"]
[Black "Alonso Bouza, Julio Javier"]
[Result "1/2-1/2"]
[WhiteElo "2324"]
[BlackElo "2254"]
[PlyCount "86"]
[EventDate "2016.01.23"]
[EventType "team-tourn"]
[EventRounds "7"]
[EventCountry "ESP"]
[SourceTitle "EXT 2017"]
[Source "ChessBase"]
[SourceDate "2016.10.25"]
[SourceVersion "1"]
[SourceVersionDate "2016.10.25"]
[SourceQuality "1"]
[WhiteTeam "Figueres"]
[BlackTeam "Cerdanyola Valles"]
[WhiteTeamCountry "ESP"]
[BlackTeamCountry "ESP"]

1. e4 e6 2. d4 d5 3. Nd2 Nc6 4. Ngf3 Nf6 5. e5 Nd7 6. Be2 f6 7. exf6 Qxf6 8. Nf1 Bd6 9. Ne3 0-0 10. 0-0 Qg6 11. c4 dxc4 12. Nxc4 Be7 13. Bd3 Qf7 14. Bg5 Bf6 15. Be4 h6 16. Bxf6 Qxf6 17. Rc1 Ne7 18. b4 c6 19. b5 cxb5 20. Nd6 Qf4 21. Nxc8 Raxc8 22. Bxb7 Rxc1 23. Qxc1 Qd6 24. Re1 Qb6 25. Be4 Nf6 26. Bd3 Ned5 27. Qc5 Qxc5 28. dxc5 Rc8 29. Bxb5 Rxc5 30. Ba4 Nc7 31. Bb3 Nfd5 32. g3 Kf7 33. Kg2 Kf6 34. h4 Nb5 35. Nd2 Nbc3 36. Ne4+ Nxe4 37. Rxe4 g5 38. hxg5+ hxg5 39. Re1 a5 40. Rh1 Kg7 41. Re1 Kf6 42. Rh1 Kg7 43. Re1 Kf6 1/2-1/2

[Event "Catalunya-chT Gp1"]
[Site "Barcelona"]
[Date "2016.02.27"]
[Round "6.3"]
[White "Lillo Castany, Victor"]
[Black "Garcia Jimenez, Francisco Javier"]
[Result "1/2-1/2"]
[WhiteElo "2324"]
[BlackElo "2276"]
[PlyCount "60"]
[EventDate "2016.01.23"]
[EventType "team-tourn"]
[EventRounds "7"]
[EventCountry "ESP"]
[SourceTitle "EXT 2017"]
[Source "ChessBase"]
[SourceDate "2016.10.25"]
[SourceVersion "1"]
[SourceVersionDate "2016.10.25"]
[SourceQuality "1"]
[WhiteTeam "Figueres"]
[BlackTeam "Barcelona Unio Graciencia"]
[WhiteTeamCountry "ESP"]
[BlackTeamCountry "ESP"]

1. e4 d5 2. exd5 Qxd5 3. Nc3 Qa5 4. d4 Nf6 5. Nf3 Bf5 6. Bc4 c6 7. Bd2 e6 8. Nd5 Qd8 9. Nxf6+ Qxf6 10. Qe2 Bg4 11. d5 Bxf3 12. gxf3 cxd5 13. Bxd5 Nc6 14. Bxc6+ bxc6 15. Qe4 Rc8 16. Bc3 Qg5 17. Qe3 Qxe3+ 18. fxe3 f6 19. Rg1 Rc7 20. Ke2 Bc5 21. Rg4 Kf7 22. Rc4 Be7 23. Ba5 Rb7 24. Rxc6 Rxb2 25. Rc7 Rhb8 26. a3 R8b7 27. Rxb7 Rxb7 28. Bb4 a5 29. Bxa5 Ra7 30. Bd2 Rxa3 1/2-1/2

[Event "Catalunya-chT Gp1"]
[Site "Barcelona"]
[Date "2016.02.20"]
[Round "5.3"]
[White "Narciso Dublan, Marc"]
[Black "Lillo Castany, Victor"]
[Result "1-0"]
[WhiteElo "2548"]
[BlackElo "2324"]
[PlyCount "81"]
[EventDate "2016.01.23"]
[EventType "team-tourn"]
[EventRounds "7"]
[EventCountry "ESP"]
[SourceTitle "EXT 2017"]
[Source "ChessBase"]
[SourceDate "2016.10.25"]
[SourceVersion "1"]
[SourceVersionDate "2016.10.25"]
[SourceQuality "1"]
[WhiteTeam "Barcelona Escola Escacs"]
[BlackTeam "Figueres"]
[WhiteTeamCountry "ESP"]
[BlackTeamCountry "ESP"]

1. d4 Nf6 2. c4 d6 3. Nf3 Nbd7 4. Nc3 e5 5. e4 g6 6. Be2 Bg7 7. 0-0 0-0 8. Be3 Re8 9. d5 Nh5 10. g3 Bf8 11. Ne1 Ng7 12. Nd3 f5 13. f3 Be7 14. Qd2 Nf6 15. c5 fxe4 16. fxe4 Bh3 17. Rf2 Ng4 18. Bxg4 Bxg4 19. c6 b6 20. Kg2 Qc8 21. Bg5 Bh3+ 22. Kh1 Qg4 23. Bxe7 Rxe7 24. Qe3 Qh5 25. Qf3 Qxf3+ 26. Rxf3 a5 27. Nf2 Bc8 28. a4 Rf7 29. Rxf7 Kxf7 30. Nb5 Ne8 31. Nd1 Ba6 32. Ndc3 Kg7 33. Kg2 Rc8 34. Rb1 Nf6 35. b4 Bxb5 36. Nxb5 Nxe4 37. bxa5 bxa5 38. Nxc7 Nc3 39. Rb3 Nxa4 40. Nb5 Rb8 41. c7 1-0

[Event "Catalunya-chT Gp1"]
[Site "Barcelona"]
[Date "2015.02.07"]
[Round "3.4"]
[White "Lillo Castany, Victor"]
[Black "Cruz Estrada, Filemon"]
[Result "1/2-1/2"]
[WhiteElo "2340"]
[BlackElo "2404"]
[PlyCount "124"]
[EventDate "2015.01.24"]
[EventType "team-tourn"]
[EventRounds "7"]
[EventCountry "ESP"]
[SourceTitle "CBM 164 Extra"]
[Source "ChessBase"]
[SourceDate "2015.03.02"]
[SourceVersion "1"]
[SourceVersionDate "2015.03.02"]
[SourceQuality "1"]
[WhiteTeam "Figueres"]
[BlackTeam "Tres Peons"]
[WhiteTeamCountry "ESP"]
[BlackTeamCountry "ESP"]

1. e4 c5 2. Nf3 e6 3. d4 cxd4 4. Nxd4 a6 5. Nc3 Qc7 6. g3 Nf6 7. Bg2 Bb4 8. Bd2 Nc6 9. Nb3 Be7 10. 0-0 h5 11. Bg5 Ne5 12. Nd2 Ng6 13. Nf3 d6 14. a4 Bd7 15. Re1 0-0 16. a5 b5 17. axb6 Qxb6 18. Qd2 Bc6 19. Nd4 Bb7 20. Nb3 Rab8 21. Na5 Ba8 22. Be3 Qc7 23. Nb3 Bb7 24. Na5 Ba8 25. Nb3 Ne5 26. Rxa6 Nc4 27. Qc1 Ng4 28. Bd4 e5 29. Ba7 Rbc8 30. f3 Bb7 31. Ra1 Nf6 32. Bf2 Bd8 33. Bh3 Rb8 34. Rd1 Qc6 35. Nd2 Nb6 36. Nf1 d5 37. exd5 Nbxd5 38. Nxd5 Nxd5 39. Bg2 Bb6 40. Qd2 Nf6 41. Ne3 Qe6 42. Qd6 Bxe3 43. Bxe3 Qf5 44. Qd3 e4 45. fxe4 Bxe4 46. Bxe4 Nxe4 47. Ra4 Rfe8 48. Rf1 Qe6 49. Bd4 Rb7 50. Re1 Rbe7 51. Ra7 Rxa7 52. Bxa7 h4 53. Bf2 Qf5 54. Qe2 Re6 55. g4 Qf6 56. Rd1 Qxb2 57. Rd8+ Kh7 58. Qf3 Qc1+ 59. Kg2 Qxc2 60. Qf5+ Rg6 61. Qh5+ Rh6 62. Qf5+ Rg6 1/2-1/2